The recent explanation of the productivity growth (Registro nro. 26536)
[ vista simple ]
| 000 -LEADER | |
|---|---|
| fixed length control field | 00336 a2200109 4500 |
| 001 - CONTROL NUMBER | |
| control field | ART_12643 |
| 005 - DATE AND TIME OF LATEST TRANSACTION | |
| control field | 20260410161908.0 |
| 008 - FIXED-LENGTH DATA ELEMENTS--GENERAL INFORMATION | |
| fixed length control field | 260409a |
| 100 1# - MAIN ENTRY--PERSONAL NAME | |
| Personal name | Lindbeck, Assar |
| 245 10 - TITLE STATEMENT | |
| Title | The recent explanation of the productivity growth |
| 773 0# - HOST ITEM ENTRY | |
| Title | The Economic Journal |
| Related parts | - Vol. 93, Nº 369 (mar. 1983) |
| Record control number | REV12512 |
No hay ítems disponibles.